广西各地市人均GDP排行 Per capita GDP ranking of cities in Guangxi - Statistics

General Stats
  • This quiz has been taken 39 times
  • The average score is 10 of 14
Answer Stats
排名 地市 人均GDP/元 % Correct
4 南宁 58883
97%
1 防城港 91505
94%
2 北海 89211
94%
3 柳州 74322
94%
5 钦州 57838
88%
6 崇左 51843
70%
8 桂林 49196
64%
7 梧州 50185
58%
9 百色 48475
55%
13 贵港 36116
52%
14 河池 33258
52%
10 贺州 47918
48%
11 来宾 43374
48%
12 玉林 37245
45%
No matching quizzes found
Score Distribution
Percent of People with Each Score
Percentile by Number Answered
Your Score History
You have not taken this quiz